| 000 | 00642nam a2200229Ia 4500 | ||
|---|---|---|---|
| 005 | 20260430150352.0 | ||
| 008 | 008 250103s9999 xx 000 0 eng d | ||
| 037 | _aTheses | ||
| 040 | _aCRL | ||
| 040 | _beng | ||
| 040 | _ceng | ||
| 041 | _2eng | ||
| 041 | _aeng | ||
| 084 | _qCRL | ||
| 100 |
_aShailesh Kumar Au.; Bhatt Sanjai Gu. _91237284 |
||
| 245 | 0 | _aInter-Relationship of Water Scarcity and Migration in Bundelkhand Region of UP | |
| 260 | _c2023 | ||
| 650 | _aSocial Change; Social Work | ||
| 700 | _aUniversity of Delhi. Faculty of Social Sciences. Deptt. of Social Work | ||
| 942 | _cTH | ||
| 999 |
_c1849621 _d1849621 |
||